Book Titles by Antonym II Quiz Stats

 Plays Quiz Updated Oct 4, 2018

Challenge
Share
Tweet
Embed
Score 0/20 Timer 06:00
3 Plays Today
Antonym Title Real Title % Correct
Demons and AngelsAngels and Demons
94.6%
White UglinessBlack Beauty
93.6%
Huge MenLittle Women
92%
Of Cats and WomenOf Mice and Men
91.6%
The Pitcher in the WheatThe Catcher in the Rye
89.2%
Hot ValleyCold Mountain
87.7%
Old SunNew Moon
87.2%
Servant of the MosquitoesLord of the Flies
83.8%
Pull: NonfictionPush: A Novel
82.4%
Laws and RewardCrime and Punishment
66.8%
Antonym Title Real Title % Correct
Clothed DinnerNaked Lunch
62.2%
Barf, Renounce, HateEat, Pray, Love
48.3%
Plant CityAnimal Farm
40.2%
Here the Road BeginsWhere the Sidewalk Ends
40%
A Bad PacifistThe Good Soldier
38.3%
The Departure of the QueenThe Return of the King
38.2%
Nothing Comes TogetherThings Fall Apart
30.3%
Giggle, the Hated Town Cry, the Beloved Country
26.2%
Life Leaves for the AtheistDeath Comes for the Archbishop
9.5%
Limited SolemnessInfinite Jest
5.2%

You're not logged in!

Compare scores with friends on all Sporcle quizzes.
OR
Log In

You Might Also Like...

Show Comments

Extras

Top Quizzes Today


Score Distribution

Your Account Isn't Verified!

In order to create a playlist on Sporcle, you need to verify the email address you used during registration. Go to your Sporcle Settings to finish the process.

Report this User

Report this user for behavior that violates our Community Guidelines.

Details: